KAPUR & SURI'S BASIC HUMAN GENETICS (Record no. 34745)

MARC details
000 -LEADER
fixed length control field 00418nam a22001697a 4500
003 - CONTROL NUMBER IDENTIFIER
control field SGT
020 ## - INTERNATIONAL STANDARD BOOK NUMBER
International Standard Book Number 9789352500277
082 ## - DEWEY DECIMAL CLASSIFICATION NUMBER
Classification number 611.018
Item number K25T
100 ## - MAIN ENTRY--PERSONAL NAME
Personal name TRIVEDI, DIPALI. J,ed.
245 ## - TITLE STATEMENT
Title KAPUR & SURI'S BASIC HUMAN GENETICS
250 ## - EDITION STATEMENT
Edition statement 3RD
260 ## - PUBLICATION, DISTRIBUTION, ETC. (IMPRINT)
Place of publication, distribution, etc NEW DELHI
Name of publisher, distributor, etc JAYPEE BRO. PUB.
Year of Publication 2025
300 ## - PAGE DESCRIPTION
No. of Pages 106
650 ## - SUBJECT ADDED ENTRY--TOPICAL TERM
Topical term or geographic name as entry element ANATOMY
653 ## - KEYWORDS--INDEX TERM
Keyword term KAPUR , SURI'S, BASIC, HUMAN, GENETICS
942 ## - ADDED ENTRY ELEMENTS (KOHA)
Source of classification or shelving scheme Dewey Decimal Classification
Koha item type Books
Holdings
Withdrawn status Lost status Source of classification or shelving scheme Damaged status Not for loan Collection code Home library Current library Shelving location Date acquired Vendor Name Cost, normal purchase price SGTU Bill Number Total Checkouts Full call number Accession No. (Barcode) Date last seen Bill Date Koha item type Use restrictions
    Dewey Decimal Classification     AYURVEDA SGT FA-FP Library SGT FA-FP Library Text Book 30/04/2026 ABC PVT. LTD. 475.00 SGTU 22849   611.018 K25T FA13457 30/04/2026 08/04/2026 Books  
    Dewey Decimal Classification     AYURVEDA SGT FA-FP Library SGT FA-FP Library Text Book 30/04/2026 ABC PVT. LTD. 475.00 SGTU 22849   611.018 K25T FA13458 30/04/2026 08/04/2026 Books  
    Dewey Decimal Classification     AYURVEDA SGT FA-FP Library SGT FA-FP Library Reference Book 30/04/2026 ABC PVT. LTD. 475.00 SGTU 22849   611.018 K25T FA13459 30/04/2026 08/04/2026 Books Restricted Access